Macmillan English dictionary for advanced leaners (Record no. 38204)

MARC details
000 -LEADER
fixed length control field 00538 2200157 4500
008 - FIXED-LENGTH DATA ELEMENTS--GENERAL INFORMATION
fixed length control field 110519t xxu||||| |||| 00| 0 eng d
020 ## - INTERNATIONAL STANDARD BOOK NUMBER
International Standard Book Number 9781405026284
050 ## - LIBRARY OF CONGRESS CALL NUMBER
Classification number PE1625
Item number .M33 2007
245 ## - TITLE STATEMENT
Title Macmillan English dictionary for advanced leaners
250 ## - EDITION STATEMENT
Edition statement 2nd.ed.
260 ## - PUBLICATION, DISTRIBUTION, ETC. (IMPRINT)
Name of publisher, distributor, etc Macmillan
Date of publication, distribution, etc 2007
Place of publication, distribution, etc Oxford
300 ## - PHYSICAL DESCRIPTION
Extent Xi,
Dimensions 24cm
650 ## - SUBJECT ADDED ENTRY--TOPICAL TERM
Source of heading or term Dictionary
942 ## - ADDED ENTRY ELEMENTS (KOHA)
Item type Reference
Source of classification or shelving scheme Library of Congress Classification
Holdings
Withdrawn status Lost status Source of classification or shelving scheme Damaged status Not for loan Collection code Home library Current library Shelving location Date acquired Source of acquisition Full call number Barcode Copy number Price effective from Koha item type
    Library of Congress Classification   Not For Loan Reference Bishop Okullu Memorial Library (Limuru Campus) Bishop Okullu Memorial Library (Limuru Campus) Reference 19/05/2011 purchase REF PE1625 .M33 2007 025477 1 19/05/2011 Reference